[Event "CAN-op (Pinnacle 48th CAN Op Ch)"]
[Site "Toronto CAN"]
[Date "2011.07.15"]
[Round "7"]
[White "Day, Lawrence"]
[Black "Inigo, Aquino"]
[Result "1-0"]
[WhiteElo "2251"]
[BlackElo "1962"]
[PlyCount "96"]
[GameId "2160767909707377"]
[EventDate "2011.07.09"]
[EventType "swiss"]
[EventRounds "9"]
[EventCountry "CAN"]
[SourceTitle "CBM 143 Extra"]
[Source "ChessBase"]
[SourceDate "2011.08.29"]
[SourceVersion "1"]
[SourceVersionDate "2011.08.29"]
[SourceQuality "1"]

1. b3 d5 2. Bb2 e6 3. f4 Nf6 4. Nf3 c5 5. e3 Nc6 6. Bb5 Bd7 7. O-O Be7 8. Bxc6 Bxc6 9. Ne5 Qc7 10. d3 O-O 11. Nd2 Rad8 12. Qe2 b5 13. Rf3 Ne8 14. Rh3 d4 15. a4 a6 16. axb5 axb5 17. Ra7 Qxa7 18. Nxc6 Qc7 19. Nxd8 Bxd8 20. Ne4 f5 21. Nd2 e5 22. b4 Be7 23. bxc5 Bxc5 24. fxe5 Qxe5 25. Nb3 Nf6 26. Nxc5 Qxc5 27. Bxd4 Qc6 28. Rf3 g6 29. Rf1 Rc8 30. e4 Re8 31. Qd2 Qd6 32. c3 Ng4 33. Qa2+ Qe6 34. Qxe6+ Rxe6 35. h3 Ne5 36. exf5 gxf5 37. Rxf5 Nxd3 38. Rxb5 Re7 39. Rg5+ Kf8 40. Kh2 Re2 41. Kg3 Ne1 42. Rf5+ Kg8 43. Rf2 Re6 44. Rd2 Rg6+ 45. Kh2 h6 46. Be5 Re6 47. Bg3 Re3 48. Bf2 Re6 1-0

[Event "CAN-op (Pinnacle 48th CAN Op Ch)"]
[Site "Toronto CAN"]
[Date "2011.07.15"]
[Round "7"]
[White "Dougherty, Michael"]
[Black "Fan, Brendan"]
[Result "1-0"]
[WhiteElo "2314"]
[BlackElo "2097"]
[PlyCount "47"]
[GameId "2160767909707378"]
[EventDate "2011.07.09"]
[EventType "swiss"]
[EventRounds "9"]
[EventCountry "CAN"]
[SourceTitle "EXT 2022"]
[Source "ChessBase"]
[SourceDate "2021.10.06"]
[SourceVersion "1"]
[SourceVersionDate "2021.10.06"]
[SourceQuality "1"]

1. d4 Nf6 2. c4 e6 3. Nc3 Bb4 4. Nf3 b6 5. Bg5 h6 6. Bh4 g5 7. Bg3 Ne4 8. Qd3 d5 9. cxd5 Qxd5 10. Nd2 Nxc3 11. bxc3 Ba6 12. Qc2 Qc6 13. Rc1 Ba3 14. Rb1 Nd7 15. c4 f5 16. e3 Rf8 17. Be2 g4 18. O-O h5 19. Qb3 Bd6 20. c5 Bb7 21. Qxe6+ Kd8 22. Bh4+ Kc8 23. d5 Qxc5 24. Bb5 1-0

[Event "CAN-op (Pinnacle 48th CAN Op Ch)"]
[Site "Toronto CAN"]
[Date "2011.07.15"]
[Round "7"]
[White "Florea, Alexandru"]
[Black "Itkin, David"]
[Result "1/2-1/2"]
[WhiteElo "2065"]
[BlackElo "2203"]
[PlyCount "44"]
[GameId "2160767909707379"]
[EventDate "2011.07.09"]
[EventType "swiss"]
[EventRounds "9"]
[EventCountry "CAN"]
[SourceTitle "hb 2011"]

1. e4 d5 2. exd5 Nf6 3. d4 Bg4 4. Be2 Bxe2 5. Qxe2 Qxd5 6. Nf3 Nc6 7. Nc3 Qh5 8. Bf4 O-O-O 9. O-O-O e6 10. Qc4 Bd6 11. Bxd6 Rxd6 12. Kb1 Rhd8 13. a3 Qg4 14. Nb5 R6d7 15. Qc5 Qxg2 16. Nxa7+ Nxa7 17. Qxa7 c6 18. Qa8+ Kc7 19. Qa5+ Kb8 20. Qe5+ Ka8 21. Qa5+ Kb8 22. Qe5+ Ka8 1/2-1/2

[Event "CAN-op (Pinnacle 48th CAN Op Ch)"]
[Site "Toronto CAN"]
[Date "2011.07.15"]
[Round "7"]
[White "Frilles, Ruperto"]
[Black "Puri, Vinny"]
[Result "1-0"]
[WhiteElo "2057"]
[BlackElo "2256"]
[PlyCount "112"]
[GameId "2160767909707380"]
[EventDate "2011.07.09"]
[EventType "swiss"]
[EventRounds "9"]
[EventCountry "CAN"]
[SourceTitle "CBM 143 Extra"]
[Source "ChessBase"]
[SourceDate "2011.08.29"]
[SourceVersion "1"]
[SourceVersionDate "2011.08.29"]
[SourceQuality "1"]

1. c4 Nf6 2. Nc3 g6 3. e4 d6 4. g3 Bg7 5. Bg2 O-O 6. h3 c5 7. Nge2 Nc6 8. d3 Bd7 9. O-O a6 10. Be3 Ne8 11. Qd2 Nd4 12. Bh6 Bxh3 13. Nxd4 Bxg2 14. Kxg2 cxd4 15. Bxg7 Kxg7 16. Ne2 e5 17. f4 f6 18. Rh1 Rf7 19. Raf1 Kg8 20. Ng1 b5 21. b3 bxc4 22. bxc4 Rb8 23. Nh3 Rfb7 24. Rc1 Rb2 25. Rc2 Rxc2 26. Qxc2 Qb6 27. Nf2 Qb2 28. Qa4 Qb7 29. fxe5 dxe5 30. g4 Ng7 31. Qa5 Ne6 32. Kg3 Nf4 33. Qc5 Re8 34. a4 Rf8 35. a5 Rb8 36. Qd6 Kg7 37. c5 Rc8 38. g5 Qf7 39. gxf6+ Kg8 40. Ng4 Qe6 41. f7+ Kg7 42. Qxe5+ Qxe5 43. Nxe5 Ne6 44. Rf1 Rxc5 45. f8=Q+ Nxf8 46. Rf7+ Kh6 47. Ng4+ Kg5 48. Rxf8 Rxa5 49. Rd8 h5 50. Nf2 Ra4 51. Nh3+ Kf6 52. Kf4 Ke7 53. Rd5 Rb4 54. Ng5 a5 55. Nf3 Rb6 56. Rxa5 Rf6+ 1-0

[Event "CAN-op (Pinnacle 48th CAN Op Ch)"]
[Site "Toronto CAN"]
[Date "2011.07.15"]
[Round "7"]
[White "Fu, James"]
[Black "Humphreys, Michael"]
[Result "0-1"]
[WhiteElo "2028"]
[BlackElo "2277"]
[PlyCount "190"]
[GameId "2160767909707381"]
[EventDate "2011.07.09"]
[EventType "swiss"]
[EventRounds "9"]
[EventCountry "CAN"]
[SourceTitle "EXT 2022"]
[Source "ChessBase"]
[SourceDate "2021.10.06"]
[SourceVersion "1"]
[SourceVersionDate "2021.10.06"]
[SourceQuality "1"]

1. e4 c6 2. d4 d5 3. Nc3 dxe4 4. Nxe4 Bf5 5. Ng3 Bg6 6. Nf3 Nd7 7. Bd3 e6 8. O-O Bd6 9. Re1 Qc7 10. c4 Bxd3 11. Qxd3 Ngf6 12. a3 Bf4 13. b4 Bxc1 14. Raxc1 O-O 15. Ne5 a5 16. Qb3 Rfd8 17. Nf3 Qd6 18. Re2 axb4 19. axb4 b5 20. cxb5 cxb5 21. Rce1 Nd5 22. Ne4 Qxb4 23. Qxb4 Nxb4 24. Rb1 Nc6 25. Rc2 Ra6 26. g3 b4 27. Rb3 g6 28. Kg2 Kg7 29. h4 Rda8 30. Rbb2 Rb6 31. Rb3 Ra3 32. Ned2 Na5 33. Rxa3 bxa3 34. Ra2 Nb3 35. Rxa3 Nxd2 36. Nxd2 Rd6 37. Nf3 Nf6 38. Ra7 Rd7 39. Ra4 Rb7 40. Ne5 Nd5 41. Ra3 h5 42. Ra2 Nf6 43. Rc2 Ng8 44. Ra2 Ne7 45. Rc2 Nf5 46. Nf3 Rb4 47. Rd2 Rb5 48. Ra2 Rb1 49. Rd2 Ne7 50. Ra2 f6 51. Ra7 Kf7 52. Nd2 Rd1 53. Nb3 Rd3 54. Rb7 f5 55. Kf1 f4 56. gxf4 Rd1+ 57. Kg2 Rb1 58. f5 gxf5 59. Nc5 Rxb7 60. Nxb7 Ng6 61. Kg3 Kf6 62. f4 Ke7 63. Nc5 Kd6 64. Nd3 Kd5 65. Nc5 Nf8 66. Na6 Kxd4 67. Nc7 e5 68. Nb5+ Ke3 69. fxe5 f4+ 70. Kg2 Ne6 71. Nc3 Kd4 72. Nb5+ Ke4 73. Kf2 Nc5 74. Nc3+ Kxe5 75. Kf3 Nb3 76. Ne2 Nd2+ 77. Kf2 Ke4 78. Nc3+ Kf5 79. Ke2 Nc4 80. Nd5 Ne5 81. Kf2 Kg4 82. Kg2 f3+ 83. Kf2 Nd3+ 84. Ke3 f2 85. Ke2 Kg3 86. Ne3 Nc1+ 87. Kf1 Kf3 88. Nf5 Kf4 89. Ng7 Kf3 90. Nf5 Kg4 91. Ne3+ Kf3 92. Nf5 Nd3 93. Nd6 Ne5 94. Nf7 Ng4 95. Ne5+ Kg3 0-1

[Event "CAN-op (Pinnacle 48th CAN Op Ch)"]
[Site "Toronto CAN"]
[Date "2011.07.15"]
[Round "7"]
[White "Grecu, Veaceslav"]
[Black "Cohen, Lawrence S"]
[Result "0-1"]
[WhiteElo "1846"]
[BlackElo "1993"]
[PlyCount "64"]
[GameId "2160767909707384"]
[EventDate "2011.07.09"]
[EventType "swiss"]
[EventRounds "9"]
[EventCountry "CAN"]
[SourceTitle "EXT 2022"]
[Source "ChessBase"]
[SourceDate "2021.10.06"]
[SourceVersion "1"]
[SourceVersionDate "2021.10.06"]
[SourceQuality "1"]

1. e4 Nc6 2. Nf3 e5 3. Bb5 d6 4. h3 Bd7 5. c3 Nf6 6. d3 a6 7. Ba4 Be7 8. O-O h6 9. Nbd2 O-O 10. Re1 Nb8 11. Bc2 c5 12. Nf1 Nc6 13. Ne3 Rc8 14. d4 cxd4 15. cxd4 Qc7 16. Bb1 Rfe8 17. Nd5 Nxd5 18. exd5 Nxd4 19. Nxd4 exd4 20. Qd3 f5 21. Qxd4 Qxc1 22. Rxc1 Rxc1+ 23. Kh2 Bf6 24. Qd2 Ree1 25. Bxf5 Rxa1 26. Bxd7 Be5+ 27. f4 Rad1 28. Qb4 Rh1+ 29. Kg3 Rd4 30. Qxb7 Rxf4 31. Qa7 h5 32. h4 Rf8# 0-1

[Event "CAN-op (Pinnacle 48th CAN Op Ch)"]
[Site "Toronto CAN"]
[Date "2011.07.15"]
[Round "7"]
[White "Hayder, Ali"]
[Black "Gladstone, Simon"]
[Result "0-1"]
[WhiteElo "2120"]
[BlackElo "1935"]
[PlyCount "54"]
[GameId "2160767909707387"]
[EventDate "2011.07.09"]
[EventType "swiss"]
[EventRounds "9"]
[EventCountry "CAN"]
[SourceTitle "hb 2011"]

1. d4 e6 2. c4 Nf6 3. Nf3 Bb4+ 4. Bd2 Qe7 5. Nc3 O-O 6. a3 Bxc3 7. Bxc3 Ne4 8. Rc1 d6 9. e3 b6 10. Bd3 Bb7 11. Qc2 f5 12. O-O Nd7 13. Nd2 Nxc3 14. bxc3 Qg5 15. e4 f4 16. f3 e5 17. Rf2 Nf6 18. Nf1 Nh5 19. g4 fxg3 20. hxg3 Nxg3 21. Nxg3 Qxg3+ 22. Rg2 Qxf3 23. Qd2 Qf4 24. Qe1 Rf6 25. Rcc2 Raf8 26. Rcf2 Qh4 27. Rh2 Qg3+ 0-1

[Event "CAN-op (Pinnacle 48th CAN Op Ch)"]
[Site "Toronto CAN"]
[Date "2011.07.15"]
[Round "7"]
[White "Kagramanov, Dina"]
[Black "Finlay, Ian"]
[Result "1-0"]
[WhiteElo "2142"]
[BlackElo "1984"]
[PlyCount "55"]
[GameId "2160767909707391"]
[EventDate "2011.07.09"]
[EventType "swiss"]
[EventRounds "9"]
[EventCountry "CAN"]
[SourceTitle "EXT 2022"]
[Source "ChessBase"]
[SourceDate "2021.10.06"]
[SourceVersion "1"]
[SourceVersionDate "2021.10.06"]
[SourceQuality "1"]

1. e4 c5 2. Nf3 e6 3. d3 Nc6 4. g3 d5 5. Nbd2 Nf6 6. Qe2 Be7 7. Bg2 O-O 8. Nf1 dxe4 9. dxe4 Nd4 10. Nxd4 cxd4 11. e5 Nd7 12. Nd2 Qc7 13. Nf3 Bb4+ 14. Kf1 Bc5 15. Bf4 Rd8 16. Ng5 Nf8 17. Ne4 Ng6 18. Rd1 b6 19. Nxc5 bxc5 20. Bxa8 Qb6 21. c4 dxc3 22. Rxd8+ Qxd8 23. Kg2 Nxf4+ 24. gxf4 Qh4 25. bxc3 Qxf4 26. Rd1 Qg5+ 27. Kf1 Qh4 28. Qd3 1-0

[Event "CAN-op (Pinnacle 48th CAN Op Ch)"]
[Site "Toronto CAN"]
[Date "2011.07.15"]
[Round "7"]
[White "Kalaydina, Regina Veronicka"]
[Black "Purewal, Sardul"]
[Result "1-0"]
[WhiteElo "1890"]
[BlackElo "2004"]
[PlyCount "93"]
[GameId "2160767909707392"]
[EventDate "2011.07.09"]
[EventType "swiss"]
[EventRounds "9"]
[EventCountry "CAN"]
[SourceTitle "hb 2011"]

1. d4 g6 2. c4 Bg7 3. e4 d6 4. Nc3 Nd7 5. Be2 e5 6. Nf3 Ngf6 7. Bg5 h6 8. Bh4 c6 9. O-O O-O 10. d5 c5 11. Nd2 a6 12. a3 g5 13. Bg3 Re8 14. Rb1 Nf8 15. b4 b6 16. Qb3 Ng6 17. Bd1 Nf4 18. bxc5 bxc5 19. Qb6 Bf8 20. Ba4 Bd7 21. Bc6 Qxb6 22. Rxb6 Ra7 23. Rfb1 Bxc6 24. dxc6 Rc8 25. Nd5 Ne8 26. Rb8 Ra8 27. Rxa8 Rxa8 28. Bxf4 exf4 29. c7 Nxc7 30. Nxc7 Ra7 31. Nd5 Bg7 32. Rb6 a5 33. Rxd6 Rb7 34. Rb6 Rd7 35. Nb3 a4 36. Nxc5 Rd8 37. Nxa4 Bf8 38. c5 Ra8 39. Rb4 f5 40. h3 fxe4 41. Nf6+ Kf7 42. Nxe4 Re8 43. Nd6+ Bxd6 44. cxd6 Re1+ 45. Kh2 Rd1 46. Rb7+ Ke6 47. d7 1-0

[Event "CAN-op (Pinnacle 48th CAN Op Ch)"]
[Site "Toronto CAN"]
[Date "2011.07.15"]
[Round "7"]
[White "Karmalkar, Vilas"]
[Black "Sharpe, Michael"]
[Result "1/2-1/2"]
[WhiteElo "1608"]
[BlackElo "1662"]
[PlyCount "88"]
[GameId "2160767909707393"]
[EventDate "2011.07.09"]
[EventType "swiss"]
[EventRounds "9"]
[EventCountry "CAN"]
[SourceTitle "EXT 2022"]
[Source "ChessBase"]
[SourceDate "2021.10.06"]
[SourceVersion "1"]
[SourceVersionDate "2021.10.06"]
[SourceQuality "1"]

1. c4 Nf6 2. Nc3 g6 3. g3 Bg7 4. Bg2 O-O 5. e4 d6 6. Nge2 c6 7. O-O a5 8. a4 Na6 9. d3 Bg4 10. Be3 Qc8 11. Qd2 e5 12. f3 Be6 13. Bh6 Nb4 14. Bxg7 Kxg7 15. f4 Bh3 16. fxe5 dxe5 17. Qg5 Ng8 18. d4 f6 19. Qh4 Bxg2 20. Kxg2 Nc2 21. Rad1 Ne3+ 22. Kh1 Nxf1 23. Rxf1 Qe6 24. g4 Qxc4 25. Rf3 Rf7 26. Qf2 exd4 27. Nxd4 Rd8 28. Nce2 c5 29. b3 Qa6 30. Nb5 Qe6 31. Ng3 Qxg4 32. Nc3 Qd7 33. Nd5 Qc6 34. Rd3 Qe8 35. Qxc5 Qc6 36. Qd4 Qc1+ 37. Kg2 Qg5 38. Qc3 Qe5 39. Qxa5 Rdd7 40. Qd2 Qa1 41. Nb6 Rxd3 42. Qxd3 Qe5 43. Nd7 Qg5 44. b4 Qg4 1/2-1/2

[Event "CAN-op (Pinnacle 48th CAN Op Ch)"]
[Site "Toronto CAN"]
[Date "2011.07.15"]
[Round "7"]
[White "Knox, Christopher"]
[Black "Gulati, Ashish"]
[Result "0-1"]
[WhiteElo "2072"]
[BlackElo "2210"]
[PlyCount "72"]
[GameId "2160767909707395"]
[EventDate "2011.07.09"]
[EventType "swiss"]
[EventRounds "9"]
[EventCountry "CAN"]
[SourceTitle "EXT 2022"]
[Source "ChessBase"]
[SourceDate "2021.10.06"]
[SourceVersion "1"]
[SourceVersionDate "2021.10.06"]
[SourceQuality "1"]

1. d4 g6 2. Nf3 Bg7 3. Bf4 c5 4. e3 Nf6 5. Nc3 b6 6. Be2 Bb7 7. a3 O-O 8. Qd2 d6 9. h4 Nbd7 10. O-O-O a6 11. Bg5 b5 12. Bxf6 Bxf6 13. h5 b4 14. Nb1 Qb6 15. hxg6 fxg6 16. Bc4+ d5 17. Ba2 a5 18. Ne5 bxa3 19. Nxa3 Nxe5 20. dxe5 Bxe5 21. Bxd5+ e6 22. Nc4 Bxb2+ 23. Kb1 Qa6 24. Bxb7 Qxc4 25. Qd5 exd5 26. Bxd5+ Qxd5 27. Rxd5 Rab8 28. Ka2 Rxf2 29. Rxc5 Bg7 30. Rb1 Rxb1 31. Kxb1 Rxg2 32. c4 h5 33. Rc8+ Kh7 34. c5 h4 35. c6 h3 36. Rg8 h2 0-1

[Event "CAN-op (Pinnacle 48th CAN Op Ch)"]
[Site "Toronto CAN"]
[Date "2011.07.15"]
[Round "7"]
[White "Kong, Dezheng"]
[Black "Miller, David"]
[Result "1-0"]
[WhiteElo "2120"]
[BlackElo "1936"]
[PlyCount "47"]
[GameId "2160767909707397"]
[EventDate "2011.07.09"]
[EventType "swiss"]
[EventRounds "9"]
[EventCountry "CAN"]
[SourceTitle "hb 2011"]

1. Nc3 c5 2. d4 cxd4 3. Qxd4 Nc6 4. Qh4 Nf6 5. Nf3 e6 6. Bg5 Be7 7. e4 Qa5 8. Bd3 h6 9. Bd2 a6 10. Qg3 g6 11. Nb5 Nh5 12. Nc7+ Kf8 13. Bxa5 Nxg3 14. hxg3 Nxa5 15. Nxa8 Bd8 16. e5 Nc6 17. Be4 b6 18. Bxc6 dxc6 19. O-O-O Ke7 20. Rxd8 Kxd8 21. Nxb6 Bb7 22. Nc4 c5 23. Nd6 Bxf3 24. Nxf7+ 1-0

[Event "CAN-op (Pinnacle 48th CAN Op Ch)"]
[Site "Toronto CAN"]
[Date "2011.07.15"]
[Round "7"]
[White "Krupka, David"]
[Black "Baumgartner, Christopher"]
[Result "1-0"]
[WhiteElo "2019"]
[BlackElo "1904"]
[PlyCount "37"]
[GameId "2160767909707399"]
[EventDate "2011.07.09"]
[EventType "swiss"]
[EventRounds "9"]
[EventCountry "CAN"]
[SourceTitle "EXT 2022"]
[Source "ChessBase"]
[SourceDate "2021.10.06"]
[SourceVersion "1"]
[SourceVersionDate "2021.10.06"]
[SourceQuality "1"]

1. d4 Nf6 2. c4 e5 3. dxe5 Ng4 4. Nf3 Nc6 5. e3 Ngxe5 6. Be2 g6 7. Nc3 Bg7 8. O-O O-O 9. Nd4 b6 10. Nd5 Bb7 11. Nb5 Rc8 12. f4 a6 13. Nbc3 Nxc4 14. Bxc4 b5 15. Be2 Re8 16. Bf3 b4 17. Nxb4 Nxb4 18. Bxb7 Rb8 19. Bf3 1-0

[Event "CAN-op (Pinnacle 48th CAN Op Ch)"]
[Site "Toronto CAN"]
[Date "2011.07.15"]
[Round "7"]
[White "Lacau Rodean, Iulia"]
[Black "Yun, Chang"]
[Result "1-0"]
[WhiteElo "2091"]
[BlackElo "1572"]
[PlyCount "69"]
[GameId "2160767909707400"]
[EventDate "2011.07.09"]
[EventType "swiss"]
[EventRounds "9"]
[EventCountry "CAN"]
[SourceTitle "hb 2011"]

1. e4 c5 2. Nf3 d6 3. g3 g6 4. Bg2 Bg7 5. O-O Nf6 6. Re1 Nc6 7. c3 e5 8. d4 O-O 9. dxc5 dxc5 10. Qc2 h6 11. Be3 Qe7 12. h3 Be6 13. Nbd2 Nd7 14. g4 Rac8 15. Bf1 a6 16. Rad1 Rfd8 17. Bc4 b5 18. Bxe6 Qxe6 19. b3 Qe7 20. Nf1 Nd4 21. cxd4 cxd4 22. Qb2 dxe3 23. Nxe3 Nf6 24. Qxe5 Qxe5 25. Nxe5 Nxe4 26. Nd5 Kf8 27. Rxe4 Rc5 28. Nxg6+ fxg6 29. Rf4+ Ke8 30. Re1+ Kd7 31. Re7+ Kd6 32. Rxg7 Rxd5 33. Rxg6+ Kc5 34. Rxh6 Rd2 35. Rxa6 1-0

[Event "CAN-op (Pinnacle 48th CAN Op Ch)"]
[Site "Toronto CAN"]
[Date "2011.07.15"]
[Round "7"]
[White "Lin, Tony (Juntao)"]
[Black "Tot, Nandor"]
[Result "1-0"]
[WhiteElo "2023"]
[BlackElo "2119"]
[PlyCount "76"]
[GameId "2160767909707401"]
[EventDate "2011.07.09"]
[EventType "swiss"]
[EventRounds "9"]
[EventCountry "CAN"]
[SourceTitle "hb 2011"]

1. d4 Nf6 2. Nf3 e6 3. Bg5 d5 4. Nbd2 Be7 5. e3 O-O 6. Bd3 c5 7. c3 b6 8. O-O Ba6 9. c4 h6 10. Bh4 Nbd7 11. Rc1 dxc4 12. Nxc4 Bb7 13. Be2 b5 14. Nce5 c4 15. b3 Ba3 16. Rc3 g5 17. Bg3 Ne4 18. Rc2 Nxg3 19. hxg3 Be4 20. bxc4 Bxc2 21. Qxc2 Nxe5 22. Nxe5 bxc4 23. Bxc4 Qe7 24. Qe2 Bd6 25. Ng4 Kg7 26. e4 f5 27. e5 fxg4 28. exd6 Qxd6 29. Bxe6 Qxd4 30. Rd1 Qf6 31. Rd7+ Kh8 32. Qc2 Qg7 33. Rxg7 Kxg7 34. Bxg4 Rae8 35. Bh5 Rc8 36. Qg6+ Kh8 37. Qxh6+ Kg8 38. Qxg5+ Kh8 1-0

[Event "CAN-op (Pinnacle 48th CAN Op Ch)"]
[Site "Toronto CAN"]
[Date "2011.07.15"]
[Round "7"]
[White "Loadman, Ian"]
[Black "Olden-Cooligan, Ben"]
[Result "0-1"]
[WhiteElo "2218"]
[BlackElo "1893"]
[PlyCount "100"]
[GameId "2160767909707402"]
[EventDate "2011.07.09"]
[EventType "swiss"]
[EventRounds "9"]
[EventCountry "CAN"]
[SourceTitle "hb 2011"]

1. e4 e6 2. d4 d5 3. Nc3 Bb4 4. e5 c5 5. a3 Bxc3+ 6. bxc3 Ne7 7. Nf3 Nbc6 8. Bd3 Qa5 9. Bd2 Qa4 10. Qc1 c4 11. Be2 O-O 12. O-O Rb8 13. Re1 Bd7 14. Bf1 b5 15. Qd1 Qa5 16. g3 Qc7 17. a4 bxa4 18. Bc1 Rb7 19. Ba3 f5 20. exf6 Rxf6 21. Bg2 Be8 22. Qd2 Qd7 23. Ne5 Nxe5 24. Rxe5 Nc6 25. Re3 Bg6 26. Rae1 Nd8 27. f4 Rb6 28. Bh3 Be4 29. Bg2 Bxg2 30. Kxg2 Qc7 31. Qe2 Nf7 32. h3 Qd7 33. Bc5 Nd8 34. Ba3 Nb7 35. f5 Nd8 36. g4 g6 37. Kh1 Qf7 38. Rg3 Nb7 39. Qe5 Nd8 40. Bc1 exf5 41. gxf5 Rxf5 42. Qe8+ Qxe8 43. Rxe8+ Rf8 44. Re1 Re6 45. Reg1 Rf2 46. Ba3 Ree2 47. Rb1 Ne6 48. Rb7 Nf4 49. Bf8 Kxf8 50. Rxg6 hxg6 0-1

[Event "CAN-op (Pinnacle 48th CAN Op Ch)"]
[Site "Toronto CAN"]
[Date "2011.07.15"]
[Round "7"]
[White "McTavish, Dale"]
[Black "Kagramanov, Dalia"]
[Result "1-0"]
[WhiteElo "2205"]
[BlackElo "2027"]
[PlyCount "123"]
[GameId "2160767909707403"]
[EventDate "2011.07.09"]
[EventType "swiss"]
[EventRounds "9"]
[EventCountry "CAN"]

1. e4 c5 2. Nf3 d6 3. d4 cxd4 4. Nxd4 Nf6 5. Nc3 Nc6 6. Be3 Ng4 7. Bg5 h6 8. Bh4 Qb6 9. Nb3 g5 10. Bg3 Bg7 11. Qd2 Be6 12. O-O-O O-O 13. h4 Bf6 14. hxg5 Bxg5 15. f4 Bf6 16. Re1 a5 17. f5 Bxb3 18. axb3 Qd4 19. Qxd4 Nxd4 20. Bf4 Kg7 21. Ne2 Nc6 22. Ng3 Be5 23. Nh5+ Kh7 24. Bd2 Nd4 25. Rh4 Rg8 26. Bc4 e6 27. fxe6 Nxe6 28. Bd5 Ra7 29. Rf1 b6 30. Bc3 Rg6 31. Rxg4 Rxg4 32. Bxe5 Rxg2 33. Bxd6 Ng5 34. Nf4 Rg4 35. e5 Kg7 36. Nh5+ Kg6 37. Nf4+ Kg7 38. Nh5+ Kg6 39. Nf4+ Kg7 40. c3 a4 41. Nh5+ Kg6 42. Nf6 Rh4 43. Kb1 Ra5 44. b4 Ra7 45. b5 h5 46. Bc6 a3 47. Bxa3 Rha4 48. Nd7 Ne4 49. Rg1+ Kf5 50. Nxb6 Nxc3+ 51. Kc2 Ne2 52. Nxa4 Rxa4 53. Rf1+ Ke6 54. Kb3 Rg4 55. Bd6 Nd4+ 56. Ka2 Nf5 57. Rxf5 Kxf5 58. Bd7+ Ke4 59. Bxg4 hxg4 60. b6 g3 61. b7 g2 62. Bc5 1-0

[Event "CAN-op (Pinnacle 48th CAN Op Ch)"]
[Site "Toronto CAN"]
[Date "2011.07.15"]
[Round "7"]
[White "Meszaros, Michal"]
[Black "Drkulec, Vladimir"]
[Result "0-1"]
[WhiteElo "2418"]
[BlackElo "2002"]
[PlyCount "100"]
[GameId "2160767909707404"]
[EventDate "2011.07.09"]
[EventType "swiss"]
[EventRounds "9"]
[EventCountry "CAN"]
[SourceTitle "CBM 143 Extra"]
[Source "ChessBase"]
[SourceDate "2011.08.29"]
[SourceVersion "1"]
[SourceVersionDate "2011.08.29"]
[SourceQuality "1"]

1. e4 e5 2. Nf3 Nc6 3. Bb5 a6 4. Ba4 Nf6 5. O-O b5 6. Bb3 Be7 7. d3 O-O 8. a4 b4 9. Nbd2 d6 10. a5 Be6 11. Nc4 Bg4 12. c3 bxc3 13. bxc3 Rb8 14. Ba4 Na7 15. Ne3 Nb5 16. Nxg4 Nxg4 17. Qc2 Nf6 18. Bb3 c5 19. Bd2 Nh5 20. g3 g6 21. Bc4 Kh8 22. Bh6 Ng7 23. Qd2 f6 24. h4 Qd7 25. Kg2 Qg4 26. Nh2 Qc8 27. Rh1 f5 28. Nf3 f4 29. h5 Qg4 30. hxg6 Qxg6 31. Rh3 Nc7 32. Rah1 Nce8 33. d4 exd4 34. cxd4 cxd4 35. Bxg7+ Qxg7 36. Nxd4 Bg5 37. Qe2 Qa7 38. Qh5 Nf6 39. Qxg5 fxg3 40. Qe3 gxf2 41. Qxf2 Nh5 42. Nf5 Rxf5 43. Qxa7 Rb2+ 44. Kg1 Rb1+ 45. Bf1 Rfxf1+ 46. Kg2 Nf4+ 47. Kg3 Ne2+ 48. Kg4 Rf4+ 49. Kg5 Rb5+ 50. e5 Rxe5+ 0-1

[Event "CAN-op (Pinnacle 48th CAN Op Ch)"]
[Site "Toronto CAN"]
[Date "2011.07.15"]
[Round "7"]
[White "Milicevic, Goran"]
[Black "Mikhalevski, Victor"]
[Result "0-1"]
[WhiteElo "2288"]
[BlackElo "2569"]
[PlyCount "54"]
[GameId "2160767909707405"]
[EventDate "2011.07.09"]
[EventType "swiss"]
[EventRounds "9"]
[EventCountry "CAN"]
[SourceTitle "CBM 143 Extra"]
[Source "ChessBase"]
[SourceDate "2011.08.29"]
[SourceVersion "1"]
[SourceVersionDate "2011.08.29"]
[SourceQuality "1"]

1. e4 c5 2. Nf3 d6 3. c3 Nf6 4. Bc4 e6 5. Qe2 Be7 6. Bb3 O-O 7. d4 cxd4 8. cxd4 b6 9. e5 Nd5 10. Qe4 Ba6 11. Nc3 Nxc3 12. bxc3 Qc7 13. Bd2 Nd7 14. exd6 Bxd6 15. Ng5 Nf6 16. Qh4 e5 17. d5 e4 18. Kd1 Bd3 19. f3 Rae8 20. Re1 exf3 21. Nxf3 Ne4 22. Re3 Nxc3+ 23. Bxc3 Qxc3 24. Rc1 Qb2 25. Qe1 Bf4 26. Qc3 Qxc3 27. Rxc3 Rxe3 0-1

[Event "CAN-op (Pinnacle 48th CAN Op Ch)"]
[Site "Toronto CAN"]
[Date "2011.07.15"]
[Round "7"]
[White "Moffat, Andrei"]
[Black "Peev, Pavel"]
[Result "1-0"]
[WhiteElo "2216"]
[BlackElo "2083"]
[PlyCount "103"]
[GameId "2160767909707406"]
[EventDate "2011.07.09"]
[EventType "swiss"]
[EventRounds "9"]
[EventCountry "CAN"]
[SourceTitle "hb 2011"]

1. Nc3 c5 2. Nf3 Nf6 3. e4 d6 4. d4 cxd4 5. Nxd4 g6 6. Be3 Bg7 7. f3 O-O 8. Qd2 Nc6 9. g4 Nxd4 10. Bxd4 Be6 11. h4 Qa5 12. h5 Rfc8 13. hxg6 hxg6 14. a3 d5 15. g5 Nh5 16. Bxg7 Kxg7 17. exd5 Rxc3 18. Qxc3+ Qxc3+ 19. bxc3 Bxd5 20. Be2 Rc8 21. Rh4 Rxc3 22. Kd2 Rc5 23. f4 Ng3 24. Bd3 Bc6 25. Re1 e6 26. Re5 Rxe5 27. fxe5 Nf5 28. Bxf5 exf5 29. Rd4 Kf8 30. Ke3 Ke7 31. Rd6 Bd7 32. c3 Bc6 33. Rd4 Ke6 34. Kf4 Ke7 35. a4 a6 36. a5 Ke6 37. Rd6+ Ke7 38. Ke3 Bd7 39. Kd4 Bc6 40. Rf6 Bd7 41. Kc5 Bc6 42. e6 fxe6 43. Kd4 e5+ 44. Kxe5 Be8 45. Rb6 Bc6 46. Rb2 Kf7 47. Rh2 Kg7 48. Rd2 Kf7 49. Rd8 Be8 50. Rc8 Bc6 51. Rc7+ Ke8 52. Rg7 1-0

[Event "CAN-op (Pinnacle 48th CAN Op Ch)"]
[Site "Toronto CAN"]
[Date "2011.07.15"]
[Round "7"]
[White "Mulyar, Michael"]
[Black "Larochelle, Martial"]
[Result "1/2-1/2"]
[WhiteElo "2410"]
[BlackElo "2086"]
[PlyCount "103"]
[GameId "2160767909707407"]
[EventDate "2011.07.09"]
[EventType "swiss"]
[EventRounds "9"]
[EventCountry "CAN"]
[SourceTitle "CBM 143 Extra"]
[Source "ChessBase"]
[SourceDate "2011.08.29"]
[SourceVersion "1"]
[SourceVersionDate "2011.08.29"]
[SourceQuality "1"]

1. c4 e5 2. g3 Nf6 3. Bg2 c6 4. d4 exd4 5. Qxd4 d5 6. Nf3 Be7 7. cxd5 cxd5 8. O-O Nc6 9. Qa4 O-O 10. Nc3 Bd7 11. Bg5 h6 12. Bxf6 Bxf6 13. Nxd5 Bxb2 14. Rab1 Nd4 15. Qd1 Nxf3+ 16. Bxf3 Ba3 17. Rxb7 Bc6 18. Rb1 Rc8 19. Qd3 Qd6 20. Qa6 Rfd8 21. Rfd1 Bc5 22. Ne3 Qg6 23. Bxc6 Bxe3 24. Bb7 Rxd1+ 25. Rxd1 Qxa6 26. Bxa6 Rc1 27. Rf1 Rxf1+ 28. Kxf1 Bd2 29. e4 Kf8 30. Ke2 Bb4 31. f4 f6 32. Kf3 Bc5 33. Kg4 Bg1 34. h3 Bf2 35. Kf3 Be1 36. Bc4 Ke7 37. e5 fxe5 38. fxe5 Bc3 39. Ke4 Bb2 40. Kf5 Bc3 41. g4 Bb2 42. Ke4 Bc3 43. Kd5 Bb2 44. h4 Bc3 45. a4 Be1 46. h5 Bc3 47. Ke4 Bb2 48. Kf5 Bc3 49. Bb3 a5 50. Bc4 Bb2 51. Bb3 Bc3 52. Bc4 1/2-1/2